Normal view
MARC view
- Shanahan, William F
Entry Personal Name
001 - CONTROL NUMBER
- control field: 132809
003 - CONTROL NUMBER IDENTIFIER
- control field: NUST
005 - DATE AND TIME OF LATEST TRANSACTION
- control field: 20260119122848.0
008 - FIXED-LENGTH DATA ELEMENTS
- fixed length control field: 260119|| aca||aabn | a|a d
040 ## - CATALOGING SOURCE
- Original cataloging agency: NUST
- Transcribing agency: NUST
100 ## - HEADING--PERSONAL NAME
- Personal name: Shanahan, William F
670 ## - SOURCE DATA FOUND
- Source citation: Work cat.: (NUST)0: Shanahan, William F., The engineering career guide /, c1982.
